Music Quiz

Random Music or Billboard Quiz

Stuttering #1 Hits Quiz Stats

 Plays Quiz Updated Feb 27, 2019

Score 0/31 Timer 08:00
0 Plays Today
Artist Song Title % Correct
Vanilla IceIce Ice Baby
71.3%
Wham!Wake Me Up Before You Go-Go
46.1%
The Black Eyed PeasBoom Boom Pow
45.2%
UB40Red, Red Wine
37.5%
Paul McCartney & Michael JacksonSay, Say, Say
27.8%
The Escape ClubWild, Wild West
27.6%
Will Smith feat. Dru Hill & Kool Moe DeeWild Wild West
27.6%
The ByrdsTurn! Turn! Turn! (To Everything There Is A Season)
26.1%
The ArchiesSugar, Sugar
25.2%
Destiny's ChildBills, Bills, Bills
22.4%
The Mamas & The PapasMonday, Monday
20.7%
Amy GrantBaby, Baby
18.4%
Chris Brown feat. T-PainKiss Kiss
18.3%
Jim CroceBad, Bad Leroy Brown
17.7%
Billy IdolMony Mony 'Live'
16.3%
Santana feat. The Product G&BMaria Maria
12.5%
Artist Song Title % Correct
KC & The Sunshine Band(Shake, Shake, Shake) Shake Your Booty
10.6%
B2K feat. P. DiddyBump, Bump, Bump
10.6%
Paula AbdulRush, Rush
9%
A Taste Of HoneyBoogie Oogie Oogie
7%
Manfred MannDo Wah Diddy Diddy
5%
Glenn MillerChattanooga Choo Choo
4.6%
SteamNa Na Hey Hey Kiss Him Goodbye
3.7%
Whitney HoustonExhale (Shoop Shoop)
2%
Teresa BrewerMusic! Music! Music!
2%
Tex Williams & His Western CaravanSmoke! Smoke! Smoke! (That Cigarette)
0.9%
Tony BennettCold, Cold Heart
0.8%
Vaughn MonroeLet It Snow! Let It Snow! Let It Snow!
0.6%
Guy Lombardo & His Royal CanadiansIt's Love, Love, Love
0.4%
Harry JamesIt's Been A Long, Long Time
0.3%
Perry ComoChi-Baba, Chi-Baba (My Bambino Go To Sleep)
0.3%

You're not logged in!

Compare scores with friends on all Sporcle quizzes.
OR
Log In

Sporcle TV

Today on Sporcle TV


Watch our educational content, quiz creation guides, and fun videos on Sporcle TV.

Show Comments

Extras

Top Quizzes Today


Score Distribution

Your Account Isn't Verified!

In order to create a playlist on Sporcle, you need to verify the email address you used during registration. Go to your Sporcle Settings to finish the process.

Report this User

Report this user for behavior that violates our Community Guidelines.

Details: